Sekuritizácia poistných rizík v životnom poistení

Na minha lista:
Detalhes bibliográficos
Autor principal: Šoltésová, Tatiana, 1975-
Outros Autores: Šoltés, Erik, 1974-
Formato: Capítulo de Livro
Idioma:eslovaco
Assuntos:
Tags: Adicionar Tag
Sem tags, seja o primeiro a adicionar uma tag!

MARC

LEADER 00000nla$a2200000$$$4500
001 0134990
005 20240502072521.6
041 0 |a slo 
044 |a SK 
245 1 0 |a Sekuritizácia poistných rizík v životnom poistení  |c Tatiana Šoltésová, Erik Šoltés 
500 |a Abstrakt 
610 2 0 |a poisťovne 
610 2 0 |a poisťovníctvo 
610 2 0 |a poistenie životné 
610 2 0 |a riziko poistné 
610 2 0 |a trh poistný 
610 2 0 |a trh kapitálový 
610 2 0 |a fondy penzijné 
610 2 0 |a sekuritizácia 
610 2 0 |a portfólio 
610 2 0 |a kapitál 
100 1 |a Šoltésová, Tatiana, 1975- 
700 1 |a Šoltés, Erik, 1974-